[Event "Titled Tue 24th Jun Early"]
[Site "chess.com INT"]
[Date "2025.06.24"]
[Round "2"]
[White "Milanovic, Vojislav"]
[Black "Dudzinski, Piotr"]
[Result "0-1"]
[WhiteTitle "IM"]
[BlackTitle "FM"]
[WhiteElo "2293"]
[BlackElo "2335"]
[WhiteFideId "905046"]
[BlackFideId "1119362"]
[EventDate "2025.06.24"]

1. e4 e6 2. d3 d5 3. Nd2 c5 4. Ngf3 Nc6 5. g3 Nf6 6. Bg2 dxe4 7. dxe4 Be7 8. O-O
O-O 9. e5 Nd5 10. Re1 Qc7 11. c3 b5 12. h4 Bb7 13. Qe2 a6 14. h5 Rfd8 15. h6 g6
16. Nf1 Bf8 17. N1h2 Rd7 18. Ng4 Kh8 19. Bg5 Nce7 20. Nf6 Nxf6 21. Bxf6+ Kg8 22.
Bg5 Nf5 23. Rad1 Rxd1 24. Rxd1 Bxh6 25. Bxh6 Nxh6 26. Qd2 Nf5 27. Qg5 Bxf3 28.
Bxf3 Re8 29. g4 Ne7 30. Kg2 Rd8 31. Rh1 Nd5 32. Rd1 Rd7 33. Bxd5 Rxd5 34. Rxd5
exd5 35. Qf6 Qd7 36. Kg3 d4 37. cxd4 cxd4 38. Qxa6 d3 39. Qa8+ Kg7 40. Qf3 d2
41. Qd1 Qd3+ 42. f3 Qe3 0-1

[Event "Titled Tue 24th Jun Early"]
[Site "chess.com INT"]
[Date "2025.06.24"]
[Round "2"]
[White "Ghimoyan, Narek"]
[Black "Murzin, Volodar"]
[Result "0-1"]
[WhiteTitle "CM"]
[BlackTitle "GM"]
[WhiteElo "2273"]
[BlackElo "2666"]
[WhiteFideId "13315412"]
[BlackFideId "44155573"]
[EventDate "2025.06.24"]

1. d4 Nf6 2. c4 e6 3. Nf3 b6 4. g3 Ba6 5. b3 b5 6. cxb5 Bxb5 7. Bg2 Bc6 8. O-O
Be7 9. Nc3 O-O 10. Qc2 Bb4 11. Bb2 Qc8 12. Ne5 Bxg2 13. Kxg2 Qb7+ 14. Nf3 Nc6
15. Rfd1 Ne7 16. Na4 d6 17. a3 Ba5 18. b4 Bb6 19. Rac1 Rfc8 20. Kg1 Qe4 21. Qxe4
Nxe4 22. Nd2 Nxd2 23. Rxd2 Rab8 24. Rdc2 Rb7 25. Nxb6 axb6 26. e4 b5 27. f4 f5
28. exf5 exf5 29. d5 Nxd5 30. Re1 Kf7 31. Rd2 Nb6 32. Rde2 c6 33. Kg2 Nc4 34.
Bc1 Ra8 35. Rd1 Re7 36. Rc2 Re4 37. Kf2 Ke6 38. h3 Kd7 39. g4 Rf8 40. Kf3 d5 41.
Rd3 fxg4+ 42. Kxg4 Ne5+ 0-1

[Event "Titled Tue 24th Jun Early"]
[Site "chess.com INT"]
[Date "2025.06.24"]
[Round "2"]
[White "Shubenkova, Veronika"]
[Black "Naroditsky, Daniel"]
[Result "0-1"]
[WhiteTitle "WFM"]
[BlackTitle "GM"]
[WhiteElo "2031"]
[BlackElo "2619"]
[WhiteFideId "44124040"]
[BlackFideId "2026961"]
[EventDate "2025.06.24"]

1. e4 e5 2. Nf3 Nc6 3. Bb5 f5 4. d3 fxe4 5. dxe4 Nf6 6. Bg5 d6 7. Nc3 Be7 8. Qd2
O-O 9. O-O-O Be6 10. Kb1 Kh8 11. Bxf6 Bxf6 12. Nd5 Ne7 13. Nxf6 Rxf6 14. h3 Ng6
15. Ba4 a5 16. Bb3 Bxb3 17. axb3 a4 18. bxa4 Rxa4 19. b3 Rxe4 20. h4 Nf4 21. g4
Re2 22. Qc3 Qf8 23. g5 Rf7 24. Nd2 Ne6 25. h5 Rfxf2 0-1

[Event "Titled Tue 24th Jun Early"]
[Site "chess.com INT"]
[Date "2025.06.24"]
[Round "2"]
[White "Ladan, Nicholas"]
[Black "Toroptseva, Yevheniia"]
[Result "1-0"]
[BlackTitle "WFM"]
[WhiteElo "2218"]
[BlackElo "2104"]
[WhiteFideId "30918855"]
[BlackFideId "34109374"]
[EventDate "2025.06.24"]

1. d4 d5 2. Nc3 Nf6 3. Bf4 Bf5 4. e3 c6 5. Nf3 e6 6. Ne5 Bb4 7. Bd3 Ne4 8. O-O
Nxc3 9. bxc3 Bxc3 10. Rb1 Qe7 11. Bxf5 exf5 12. Qd3 Bb4 13. Qxf5 O-O 14. c4 dxc4
15. Nxc4 Nd7 16. a3 Bc3 17. Rfc1 g6 18. Qd3 b5 19. Qxc3 bxc4 20. Qxc4 Qxa3 21.
Qxc6 Rac8 22. Qxc8 Rxc8 23. Rxc8+ Kg7 24. Rc7 Qa4 25. h3 h6 26. Rbb7 Qd1+ 27.
Kh2 g5 28. Bg3 Nf8 29. Rxf7+ Kg6 30. Rxf8 Kh5 31. Rxa7 Qe2 32. Rf6 Qc4 33. Raa6
Qxa6 34. Rxa6 g4 35. Bf4 g3+ 36. Kh1 gxf2 37. Rxh6# 1-0

[Event "Titled Tue 24th Jun Early"]
[Site "chess.com INT"]
[Date "2025.06.24"]
[Round "2"]
[White "De Boer, Eelke"]
[Black "Maghsoodloo, Parham"]
[Result "0-1"]
[WhiteTitle "IM"]
[BlackTitle "GM"]
[WhiteElo "2409"]
[BlackElo "2691"]
[WhiteFideId "1048120"]
[BlackFideId "12539929"]
[EventDate "2025.06.24"]

1. e4 c5 2. Nf3 e6 3. d4 cxd4 4. Nxd4 a6 5. c4 Nf6 6. Nc3 Bb4 7. Qd3 d6 8. Bd2
Nbd7 9. f3 O-O 10. a3 Ne5 11. Qc2 Bc5 12. Be3 Bd7 13. Rd1 Rc8 14. b4 Bb6 15. Qb3
Qc7 16. Nc2 Nxc4 17. Bxb6 Nxb6 18. Rd3 d5 19. Be2 dxe4 20. fxe4 Qe5 21. O-O Rc7
22. Ne3 Rfc8 23. Ncd1 Bb5 24. Rd2 Nxe4 25. Ra2 Nc3 26. Bxb5 Nxa2 27. Bd3 Nc3 28.
Qc2 h5 29. Qf2 Nxd1 30. Nxd1 Nd5 31. Bb1 g6 32. Qf3 Kg7 33. Kh1 Nf6 34. h3 Rc1
35. Bd3 Rd8 36. Be2 Rd2 37. Kg1 Rxe2 0-1

[Event "Titled Tue 24th Jun Early"]
[Site "chess.com INT"]
[Date "2025.06.24"]
[Round "2"]
[White "Araujo Filho, Luiz Antonio Coel"]
[Black "Wijerathna, Vinuka Dihain"]
[Result "1-0"]
[BlackTitle "CM"]
[WhiteElo "2077"]
[BlackElo "2049"]
[WhiteFideId "2130661"]
[BlackFideId "29981905"]
[EventDate "2025.06.24"]

1. d4 g6 2. Nf3 Bg7 3. c4 c6 4. Nc3 d5 5. e3 Nf6 6. Be2 O-O 7. O-O Bf5 8. b3
Nbd7 9. Bb2 e6 10. Rc1 h5 11. a3 Rc8 12. b4 Ne4 13. b5 cxb5 14. cxd5 Nxc3 15.
Bxc3 exd5 16. Bxb5 a6 17. Bd3 Bxd3 18. Qxd3 Re8 19. Bb4 Nf6 20. Ne5 Ne4 21. f4
Qh4 22. Rxc8 Rxc8 23. Qb3 Qd8 24. Nd3 b6 25. Qa4 a5 26. Be1 Rc4 27. Qb5 Bf6 28.
Ne5 Bxe5 29. fxe5 Rc1 30. h3 Qg5 31. Qe8+ Kh7 32. Rxf7+ Kh6 33. Qh8# 1-0

[Event "Titled Tue 24th Jun Early"]
[Site "chess.com INT"]
[Date "2025.06.24"]
[Round "2"]
[White "Causo, Deniel"]
[Black "Shafer, Logan C"]
[Result "0-1"]
[WhiteTitle "FM"]
[BlackTitle "CM"]
[WhiteElo "2224"]
[BlackElo "2217"]
[WhiteFideId "5203660"]
[BlackFideId "30993342"]
[EventDate "2025.06.24"]

1. e4 e5 2. Nf3 Nc6 3. Bc4 Bc5 4. c3 Nf6 5. d4 exd4 6. cxd4 Bb4+ 7. Nc3 Nxe4 8.
O-O Bxc3 9. d5 Ne7 10. bxc3 O-O 11. Bd3 Nf6 12. d6 cxd6 13. Bg5 Ng6 14. Qb3 Kh8
15. Nd4 h6 16. Bxg6 fxg6 17. Bh4 b6 18. Nb5 Ba6 19. Rfd1 Bxb5 20. Qxb5 Qc7 21.
Rd3 Qc5 22. Qb3 g5 23. Bg3 Ne4 24. Rf1 Nxg3 25. hxg3 Rf6 26. Qd1 Raf8 27. Qd2
Re6 28. Rd5 Qc6 29. Rd1 Rc8 30. Rxd6 Rxd6 31. Qxd6 Qxd6 32. Rxd6 Rxc3 33. Rxd7
Ra3 34. Rd2 Kh7 35. f3 b5 36. g4 b4 37. Kh2 a5 38. Kg3 a4 39. Rb2 b3 40. axb3
Rxb3 41. Rc2 Rb5 42. Ra2 Ra5 43. Kf2 a3 44. Ke3 Kg6 45. g3 Kf6 46. f4 gxf4+ 47.
gxf4 g6 48. Kf3 h5 49. gxh5 gxh5 50. Ke4 Ra4+ 51. Kf3 Kf5 52. Kg3 Ke4 53. Kh4
Kxf4 54. Kxh5 Ke4 55. Kg5 Kd3 56. Kf5 Kc3 57. Ke5 Kb3 58. Ra1 a2 59. Kd5 Kb2 60.
Rxa2+ Kxa2 0-1

[Event "Titled Tue 24th Jun Early"]
[Site "chess.com INT"]
[Date "2025.06.24"]
[Round "2"]
[White "Al-Mudahka, Mohd"]
[Black "Korobov, Anton"]
[Result "0-1"]
[WhiteTitle "GM"]
[BlackTitle "GM"]
[WhiteElo "2542"]
[BlackElo "2631"]
[WhiteFideId "12100030"]
[BlackFideId "14105730"]
[EventDate "2025.06.24"]

1. e4 c5 2. Nc3 d6 3. f4 Nc6 4. Nf3 g6 5. Bc4 Bg7 6. O-O e6 7. f5 exf5 8. d3 Nf6
9. Qe1 O-O 10. Qh4 fxe4 11. dxe4 Be6 12. Nd5 Bxd5 13. exd5 Ne7 14. Bg5 Nf5 15.
Qh3 h6 16. g4 hxg5 17. gxf5 g4 18. Qg2 gxf3 19. Rxf3 Qe7 20. Raf1 Rae8 21. fxg6
fxg6 22. Bd3 Qe5 23. Qxg6 Re7 24. Kh1 Rff7 25. Rg1 Qxd5 26. Rf1 Re3 27. c4 Qc6
28. Bf5 Rxf3 0-1

[Event "Titled Tue 24th Jun Early"]
[Site "chess.com INT"]
[Date "2025.06.24"]
[Round "2"]
[White "Novosel, Lovro"]
[Black "Nicot, Valentin"]
[Result "1-0"]
[WhiteTitle "FM"]
[BlackTitle "CM"]
[WhiteElo "2338"]
[BlackElo "2206"]
[WhiteFideId "14547120"]
[BlackFideId "651002477"]
[EventDate "2025.06.24"]

1. Nf3 g6 2. g3 Bg7 3. Bg2 Nf6 4. O-O d6 5. d4 O-O 6. c4 Nbd7 7. Nc3 c6 8. e4 e5
9. h3 Qc7 10. Be3 a5 11. Re1 Re8 12. Qc2 Nf8 13. Rad1 h6 14. Kh2 Be6 15. b3 Bd7
16. c5 exd4 17. cxd6 Qxd6 18. e5 Qb4 19. Rxd4 Qe7 20. exf6 Bxf6 21. Re4 Bf5 22.
Rxe7 Bxc2 23. Rxe8 Rxe8 24. Bd2 Rxe1 25. Nxe1 Bf5 26. Ne4 Bxe4 27. Bxe4 Kg7 28.
Nd3 Ne6 29. Kg2 Ng5 30. Bxg5 hxg5 31. Nc5 Bd4 32. Nxb7 c5 33. Nxa5 f5 34. Bd3
Kf6 35. Nc4 f4 36. g4 Bc3 37. a4 Bb4 38. a5 1-0

[Event "Titled Tue 24th Jun Early"]
[Site "chess.com INT"]
[Date "2025.06.24"]
[Round "2"]
[White "Herman, Daniel"]
[Black "Chen, Ryo"]
[Result "0-1"]
[BlackTitle "IM"]
[WhiteElo "1920"]
[BlackElo "2395"]
[WhiteFideId "30935008"]
[BlackFideId "7003072"]
[EventDate "2025.06.24"]

1. c4 Nf6 2. Nc3 g6 3. g3 d6 4. Bg2 Bg7 5. e3 O-O 6. Nge2 e5 7. O-O Re8 8. b4 c6
9. b5 d5 10. bxc6 bxc6 11. cxd5 cxd5 12. Qb3 Be6 13. d4 Nbd7 14. Nxd5 Nxd5 15.
Bxd5 Rb8 16. Bxe6 Rxb3 17. Bxb3 exd4 18. Nxd4 Nc5 19. Ba3 Nxb3 20. axb3 Bxd4 21.
exd4 Qxd4 22. Rae1 Rxe1 23. Rxe1 Kg7 24. Be7 a5 25. Re3 h6 26. Kg2 g5 27. h3 Kg6
28. Ba3 f5 29. Re6+ Kf7 30. Re7+ Kf6 31. Re3 f4 32. Rf3 Kf5 33. gxf4 g4 34.
hxg4+ Kxg4 35. Rg3+ Kf5 36. Bc1 Qe4+ 37. Kh2 Qc2 38. Be3 Qxb3 39. Rh3 a4 40.
Rxh6 a3 41. Rh5+ Kg6 42. Ra5 a2 43. f5+ Kf7 44. Ra7+ Kf6 45. Kg2 Kxf5 46. Ra6
Qb7+ 0-1

[Event "Titled Tue 24th Jun Early"]
[Site "chess.com INT"]
[Date "2025.06.24"]
[Round "2"]
[White "Gong, Qianyun"]
[Black "Andreikin, Dmitry"]
[Result "0-1"]
[WhiteTitle "WGM"]
[BlackTitle "GM"]
[WhiteElo "2228"]
[BlackElo "2695"]
[WhiteFideId "8602425"]
[BlackFideId "4158814"]
[EventDate "2025.06.24"]

1. e4 c5 2. Nf3 e6 3. c3 Nf6 4. e5 Nd5 5. d4 cxd4 6. cxd4 b6 7. Nc3 Bb7 8. Bd3
Na6 9. O-O Nab4 10. Bb1 Nxc3 11. bxc3 Nd5 12. Bd2 Rc8 13. Qb3 Ba6 14. Rc1 Bc4
15. Qd1 Be7 16. a4 O-O 17. Be4 f5 18. exf6 Nxf6 19. Bc2 Bd5 20. h3 Qe8 21. a5 b5
22. Ne5 a6 23. Bd3 d6 24. Ng4 Ne4 25. Be1 Qf7 26. f3 Ng5 27. Nh2 Qf4 28. Qd2 e5
29. Qxf4 exf4 30. Bd2 Ne6 31. Re1 Bh4 32. Re2 b4 33. c4 Rxc4 34. Bxc4 Bxc4 35.
Re4 Bd5 36. Re2 Nxd4 37. Rf2 b3 38. Bc3 Nb5 39. Bb2 Bxf2+ 40. Kxf2 Rc8 41. Rc1
Rxc1 42. Bxc1 Nc3 43. Nf1 b2 44. Bxb2 Nd1+ 45. Ke1 Nxb2 46. Nd2 0-1

[Event "Titled Tue 24th Jun Early"]
[Site "chess.com INT"]
[Date "2025.06.24"]
[Round "2"]
[White "Lazavik, Denis"]
[Black "Cernov, Henrik"]
[Result "1-0"]
[WhiteTitle "GM"]
[BlackTitle "FM"]
[WhiteElo "2580"]
[BlackElo "2325"]
[WhiteFideId "13515110"]
[BlackFideId "16258312"]
[EventDate "2025.06.24"]

1. e4 c5 2. Nf3 e6 3. b3 a6 4. Bb2 Nc6 5. c4 Nf6 6. e5 Ng4 7. h3 Nh6 8. Nc3 Nf5
9. Ne4 Nfd4 10. Bxd4 cxd4 11. c5 Be7 12. Bd3 O-O 13. O-O f5 14. exf6 gxf6 15.
Rc1 Qc7 16. Re1 f5 17. Ng3 Kh8 18. Rc4 Rg8 19. Nh5 Qd8 20. Qa1 Rg6 21. Nxd4 Kg8
22. Nxf5 exf5 23. Bxf5 Qf8 24. Bxg6 hxg6 25. Rxe7 Nxe7 26. Nf6+ Kf7 27. Nh7 Qg7
28. Ng5+ Kg8 29. Qe1 Kf8 30. Rf4+ Ke8 31. Ne4 Kd8 32. Nd6 Nc6 33. d4 Nxd4 34.
Rf7 Qh8 35. Qa5+ b6 36. Qxb6# 1-0

[Event "Titled Tue 24th Jun Early"]
[Site "chess.com INT"]
[Date "2025.06.24"]
[Round "2"]
[White "Cardozo Munar, Carlos Eduardo"]
[Black "Skliarov, Viktor"]
[Result "0-1"]
[WhiteTitle "FM"]
[BlackTitle "IM"]
[WhiteElo "2052"]
[BlackElo "2334"]
[WhiteFideId "4409477"]
[BlackFideId "14106736"]
[EventDate "2025.06.24"]

1. d4 Nf6 2. Bg5 Ne4 3. h4 h6 4. Bf4 c5 5. d5 Qb6 6. Nd2 Qxb2 7. Bxb8 Nxd2 8.
Bf4 Ne4 9. Rb1 Qc3+ 10. Bd2 Nxd2 11. Qxd2 Qxd2+ 12. Kxd2 b6 13. e4 g6 14. Nf3
Bg7 15. h5 g5 16. Bd3 d6 17. Rhe1 Bg4 18. Bb5+ Kd8 19. Bc6 Rb8 20. Rb3 Kc7 21.
Reb1 Bxh5 22. Ne1 Bg6 23. f3 f5 24. Kd3 Rhf8 25. Ra3 a5 26. Rab3 fxe4+ 27. fxe4
Rf1 28. a4 c4+ 29. Ke2 Rxe1+ 0-1

[Event "Titled Tue 24th Jun Early"]
[Site "chess.com INT"]
[Date "2025.06.24"]
[Round "2"]
[White "Vignesh, N R"]
[Black "Predein, Vladimir"]
[Result "1-0"]
[WhiteTitle "GM"]
[BlackTitle "IM"]
[WhiteElo "2531"]
[BlackElo "2373"]
[WhiteFideId "25012215"]
[BlackFideId "4117786"]
[EventDate "2025.06.24"]

1. d4 Nf6 2. c4 e6 3. Nc3 c5 4. d5 exd5 5. cxd5 d6 6. e4 g6 7. h3 Bg7 8. Nf3 O-O
9. Bd3 b5 10. Nxb5 Nxe4 11. O-O Re8 12. Re1 Nf6 13. Rxe8+ Nxe8 14. Bg5 Qb6 15.
Qe2 Bd7 16. Nc3 h6 17. Bf4 Nf6 18. Re1 a5 19. Bb5 Na6 20. Bxd7 Nxd7 21. Nb5 Nf6
22. Nxd6 Nxd5 23. Qe4 Nxf4 24. Qxa8+ Kh7 25. Nxf7 Nc7 26. Qe4 Qf6 27. N7e5 Ncd5
28. Rc1 Qb6 29. b3 Qe6 30. Rxc5 Qd6 31. Rc6 Qb4 32. Qxb4 Nxb4 33. Rc4 Nfd5 34.
a3 Na2 35. Rc5 Ndc3 36. Rxa5 Ne2+ 37. Kf1 Nf4 38. g3 Nxh3 39. Kg2 Ng5 40. Nxg5+
hxg5 1-0

[Event "Titled Tue 24th Jun Early"]
[Site "chess.com INT"]
[Date "2025.06.24"]
[Round "2"]
[White "Fomevor, Cephas Clinton"]
[Black "Torres Rebolledo, Alvaro"]
[Result "0-1"]
[WhiteTitle "CM"]
[BlackTitle "FM"]
[WhiteElo "1883"]
[BlackElo "2318"]
[WhiteFideId "12601330"]
[BlackFideId "54587670"]
[EventDate "2025.06.24"]

1. d4 Nf6 2. c4 g6 3. Nc3 Bg7 4. Nf3 O-O 5. Bg5 c5 6. e3 d5 7. Bxf6 Bxf6 8. cxd5
cxd4 9. Nxd4 b6 10. Be2 Bb7 11. Bf3 Nd7 12. O-O Ne5 13. Be4 Nc4 14. b3 Nd6 15.
Bf3 Rc8 16. Rc1 h5 17. Re1 Rc5 18. e4 Be5 19. Qd3 Qc7 20. Nce2 Rc8 21. Rxc5 bxc5
22. Nb5 Nxb5 23. Qxb5 Bxh2+ 24. Kf1 Bd6 25. g3 c4 26. bxc4 Qxc4 27. Qxc4 Rxc4
28. Kg2 Kg7 29. Rb1 Ba6 30. Nf4 Rc2 31. a4 Bc5 32. Nh3 Bc8 33. Bd1 Bxh3+ 34.
Kxh3 Rxf2 35. Rb7 Kf6 36. Bb3 g5 37. g4 h4 38. Rc7 Bd6 39. Rc2 Rf3+ 40. Kg2 Rxb3 0-1

[Event "Titled Tue 24th Jun Early"]
[Site "chess.com INT"]
[Date "2025.06.24"]
[Round "2"]
[White "Warchol, Kamil"]
[Black "Milare, Tyron"]
[Result "1-0"]
[WhiteTitle "FM"]
[BlackTitle "FM"]
[WhiteElo "2113"]
[BlackElo "2248"]
[WhiteFideId "21858241"]
[BlackFideId "12987018"]
[EventDate "2025.06.24"]

1. b4 e6 2. a3 a5 3. bxa5 Nf6 4. Nf3 c5 5. e3 Nc6 6. Bb2 Nxa5 7. Be2 Qb6 8. Nc3
Qxb2 9. Na4 Qxa1 10. Qxa1 Nd5 11. c4 b5 12. cxb5 Nb3 13. Qd1 c4 14. Bxc4 Rxa4
15. Bxb3 Rxa3 16. Bxd5 exd5 17. O-O d4 18. exd4 f6 19. Qe2+ Kd8 20. Re1 Bd6 21.
Qe4 Ra7 22. Qd5 Bc7 23. Qc5 d6 24. Qxa7 1-0

[Event "Titled Tue 24th Jun Early"]
[Site "chess.com INT"]
[Date "2025.06.24"]
[Round "2"]
[White "Kobalia, Mikhail"]
[Black "Di Benedetto, Guillermo"]
[Result "1-0"]
[WhiteTitle "GM"]
[BlackTitle "FM"]
[WhiteElo "2538"]
[BlackElo "2289"]
[WhiteFideId "4119150"]
[BlackFideId "111120"]
[EventDate "2025.06.24"]

1. c4 g6 2. d4 Bg7 3. Nc3 f5 4. Nf3 Nf6 5. Bf4 d6 6. e3 O-O 7. h3 c6 8. Be2 Qe8
9. b4 Nbd7 10. c5 Nh5 11. Bh2 f4 12. O-O dxc5 13. bxc5 e5 14. Ne4 fxe3 15. Nd6
Qe7 16. fxe3 exd4 17. exd4 Nf4 18. Bc4+ Kh8 19. Re1 Qf6 20. Bxf4 Qxf4 21. Re4
Qf6 22. Rc1 b5 23. Bb3 a5 24. a3 a4 25. Ba2 Ba6 26. Qd2 Rad8 27. Ng5 h6 28.
Ndf7+ Rxf7 29. Nxf7+ Kh7 30. Rf1 1-0

[Event "Titled Tue 24th Jun Early"]
[Site "chess.com INT"]
[Date "2025.06.24"]
[Round "2"]
[White "Sapocinic, Semion"]
[Black "Weerasekara, Dishal Nimsara"]
[Result "1-0"]
[WhiteTitle "FM"]
[BlackTitle "FM"]
[WhiteElo "2296"]
[BlackElo "2125"]
[WhiteFideId "13908693"]
[BlackFideId "9997431"]
[EventDate "2025.06.24"]

1. e4 c6 2. Nf3 d5 3. Nc3 Bg4 4. h3 Bxf3 5. Qxf3 e6 6. d3 Nf6 7. g3 Nbd7 8. Bg2
Bb4 9. Bd2 O-O 10. O-O d4 11. Nb1 a5 12. a3 Bxd2 13. Nxd2 b5 14. a4 e5 15. Qe2
Qb6 16. f4 Qc5 17. Nb3 Qb4 18. fxe5 Nxe5 19. Rf5 bxa4 20. Nd2 Nfd7 21. Ra2 f6
22. h4 Rab8 23. Rf1 Qc5 24. Nf3 Rb4 25. Bh3 Nxf3+ 26. Qxf3 Ne5 27. Be6+ Kh8 28.
Qf2 Rfb8 29. c3 Nxd3 30. cxb4 Qd6 31. Qf3 Qxe6 32. Rxa4 Nxb2 33. Rxa5 d3 34. Qf4
Re8 35. e5 fxe5 36. Rxe5 1-0

[Event "Titled Tue 24th Jun Early"]
[Site "chess.com INT"]
[Date "2025.06.24"]
[Round "2"]
[White "Mummana Venkata Ruthvik"]
[Black "Janukshan, B"]
[Result "1-0"]
[WhiteTitle "CM"]
[BlackTitle "CM"]
[WhiteElo "2237"]
[BlackElo "1937"]
[WhiteFideId "25697307"]
[BlackFideId "29945399"]
[EventDate "2025.06.24"]

1. Nf3 d5 2. g3 g6 3. Bg2 Bg7 4. O-O c5 5. d4 cxd4 6. Nxd4 e5 7. Nb3 Ne7 8. Nc3
d4 9. Ne4 O-O 10. e3 Nbc6 11. exd4 exd4 12. Bg5 h6 13. Bf6 Bxf6 14. Nxf6+ Kg7
15. Ne4 f5 16. Nec5 b6 17. Nd3 Be6 18. Re1 Bf7 19. Nf4 Rc8 20. Ne6+ Bxe6 21.
Rxe6 Qd7 22. Qe2 Rfe8 23. Re1 Kf7 24. Qc4 Kf8 25. Rf6+ Kg7 26. Qf7+ Kh8 27. Qe6
Qd8 28. Rf7 Ng8 29. Qxe8 Qxe8 30. Rxe8 1-0

[Event "Titled Tue 24th Jun Early"]
[Site "chess.com INT"]
[Date "2025.06.24"]
[Round "2"]
[White "Shankland, Sam"]
[Black "Boci, Mateu"]
[Result "1-0"]
[WhiteTitle "GM"]
[BlackTitle "FM"]
[WhiteElo "2666"]
[BlackElo "2274"]
[WhiteFideId "2004887"]
[BlackFideId "4704665"]
[EventDate "2025.06.24"]

1. c4 e5 2. g3 Nf6 3. Bg2 Nc6 4. Nc3 Bc5 5. Nf3 d6 6. O-O O-O 7. e3 a5 8. d4 Ba7
9. b3 h6 10. dxe5 dxe5 11. Ba3 Re8 12. Qxd8 Rxd8 13. Nb5 Bb8 14. Rfd1 Re8 15.
Nd2 Be6 16. Nc3 Ba7 17. Nd5 Bxd5 18. cxd5 Nb4 19. Bxb4 axb4 20. Rac1 Bb6 21. Rc2
Red8 22. Nc4 e4 23. Nxb6 cxb6 24. d6 Rd7 25. Rd4 Rad8 26. Rxb4 Rxd6 27. Bxe4 Rd2
28. Rxd2 Rxd2 29. Bf3 Nd7 30. a4 Kf8 31. Bxb7 Ke7 32. Bc6 Ne5 33. Rxb6 Nd3 34.
a5 Nxf2 35. a6 Ra2 36. Ba4 Nh3+ 37. Kf1 Rf2+ 38. Ke1 Rf5 39. Rb7+ Kf6 40. Bd7
Ra5 41. Bxh3 g5 42. Rb6+ Ke5 43. Bf1 Ke4 44. Rb4+ Kxe3 45. Ra4 Rc5 46. Kd1 Kf2
47. Bc4 f5 48. a7 Rc8 49. a8=Q Rxa8 50. Rxa8 f4 51. gxf4 g4 52. b4 h5 53. Rh8 h4
54. Rxh4 Kg2 55. Rxg4+ Kh1 56. f5 Kxh2 57. f6 Kh3 58. Rg7 Kh4 59. f7 Kh5 60.
f8=Q Kh6 61. Qh8# 1-0

[Event "Titled Tue 24th Jun Early"]
[Site "chess.com INT"]
[Date "2025.06.24"]
[Round "2"]
[White "Chylewski, Patryk"]
[Black "Koshulyan, Egor A."]
[Result "0-1"]
[WhiteTitle "IM"]
[BlackTitle "FM"]
[WhiteElo "2313"]
[BlackElo "2235"]
[WhiteFideId "1186191"]
[BlackFideId "24237000"]
[EventDate "2025.06.24"]

1. d4 Nf6 2. Bf4 d5 3. e3 e6 4. Nf3 c5 5. c3 Nc6 6. Nbd2 Nh5 7. Bg5 Qb6 8. Qb3
h6 9. Bh4 g5 10. Bg3 Nxg3 11. hxg3 Bg7 12. Be2 Bd7 13. O-O-O Qc7 14. Kb1 c4 15.
Qc2 b5 16. e4 b4 17. Rde1 Kd8 18. Bd1 Rb8 19. Ka1 Qa5 20. exd5 exd5 21. Ne5 Nxe5
22. dxe5 b3 23. Qb1 Bf5 24. Ne4 Bxe4 25. Rxe4 dxe4 26. a3 Qxe5 27. Be2 Qxc3 28.
bxc3 Bxc3+ 29. Qb2 Bxb2+ 30. Kxb2 Ke7 31. Bxc4 Rhc8 32. Bxb3 Rb6 33. Re1 f5 34.
f3 Rcb8 35. Re3 Kf6 36. fxe4 fxe4 37. Kc2 Rxb3 38. Rxb3 Rxb3 39. Kxb3 Kf5 40.
Kc4 Kg4 41. Kd4 Kxg3 0-1

[Event "Titled Tue 24th Jun Early"]
[Site "chess.com INT"]
[Date "2025.06.24"]
[Round "2"]
[White "Erigaisi, Arjun"]
[Black "Gaal, Zsoka"]
[Result "1-0"]
[WhiteTitle "GM"]
[BlackTitle "WGM"]
[WhiteElo "2782"]
[BlackElo "2391"]
[WhiteFideId "35009192"]
[BlackFideId "777765"]
[EventDate "2025.06.24"]

1. a3 g6 2. Nf3 Bg7 3. g3 c5 4. Bg2 Nc6 5. O-O e6 6. c3 Nge7 7. d4 b6 8. e4 cxd4
9. cxd4 d5 10. e5 O-O 11. Nc3 a5 12. Re1 Ba6 13. Bf4 Qd7 14. Qd2 Rfc8 15. g4 Bc4
16. Bh6 b5 17. h4 b4 18. Nd1 bxa3 19. bxa3 Qa7 20. Bxg7 Kxg7 21. Qf4 Ng8 22. Ne3
Bd3 23. h5 Be4 24. hxg6 hxg6 25. Ng5 Nxd4 26. Nxe4 dxe4 27. Bxe4 Rab8 28. Kg2
Rb2 29. Rh1 Ne2 30. Qf3 Nd4 31. Qh3 Nb3 32. Rad1 Kf8 33. Rd6 Nd2 34. Bc6 Rxc6
35. Rd8+ Ke7 36. Qh4+ f6 37. Rxg8 1-0

[Event "Titled Tue 24th Jun Early"]
[Site "chess.com INT"]
[Date "2025.06.24"]
[Round "2"]
[White "Huh, Isaak"]
[Black "La Fleur, Zara"]
[Result "1-0"]
[WhiteTitle "CM"]
[BlackTitle "WCM"]
[WhiteElo "2139"]
[BlackElo "1745"]
[WhiteFideId "13209590"]
[BlackFideId "7703848"]
[EventDate "2025.06.24"]

1. Nf3 d5 2. g3 Nf6 3. Bg2 e6 4. O-O Bd6 5. c4 c6 6. d4 O-O 7. Bg5 h6 8. Bd2
Nbd7 9. Nc3 dxc4 10. e4 Bb4 11. Re1 Nb6 12. Rc1 Nbd7 13. Qe2 b5 14. e5 Nd5 15.
Ne4 Be7 16. h4 N7b6 17. Nh2 Bb7 18. Qg4 Kh7 19. Nf3 Rc8 20. Qh5 c5 21. dxc5 Nd7
22. Nd6 Nxc5 23. Nxc8 Qxc8 24. Ng5+ Bxg5 25. hxg5 Nd3 26. gxh6 g6 27. Qh4 Nxe1
28. Rxe1 Qd8 29. Bg5 Qa5 30. Rf1 Qxa2 31. Be7 Qxb2 32. Bxf8 Qxe5 33. Bg7 Qf5 34.
Qd8 1-0

[Event "Titled Tue 24th Jun Early"]
[Site "chess.com INT"]
[Date "2025.06.24"]
[Round "2"]
[White "Krsnik Cohar, Ivan Vihor"]
[Black "Tikhonov, Viacheslav"]
[Result "1-0"]
[WhiteTitle "FM"]
[BlackTitle "CM"]
[WhiteElo "2362"]
[BlackElo "2183"]
[WhiteFideId "14520044"]
[BlackFideId "44196407"]
[EventDate "2025.06.24"]

1. d4 Nf6 2. Bf4 g6 3. c3 Bg7 4. h3 c5 5. e3 b6 6. Nd2 Bb7 7. Ngf3 O-O 8. Bc4 d5
9. Bd3 Nc6 10. Qe2 Nd7 11. Bg5 Qc8 12. O-O e5 13. dxe5 Ndxe5 14. Nxe5 Nxe5 15.
Bb5 Qe6 16. Rfd1 h6 17. Bf4 Rfd8 18. Nf3 a6 19. Nxe5 Bxe5 20. Bxe5 Qxe5 21. Bd3
Rd7 22. Rd2 b5 23. Rad1 Rad8 24. Qg4 h5 25. Qh4 d4 26. exd4 cxd4 27. Bf1 Qe6 28.
Rxd4 Rxd4 29. Rxd4 Rxd4 30. Qxd4 Qxa2 31. Qd8+ Kg7 32. Qd4+ Kg8 33. Qb6 Qd5 34.
b3 Kg7 35. c4 bxc4 36. bxc4 Qc6 37. Qd4+ Qf6 38. Qe3 a5 39. Qa3 Qb6 40. c5 Qc7
41. Qc3+ Kg8 42. Qd4 Qc6 43. Qd8+ Kg7 44. Qxa5 Qd5 45. Qc3+ 1-0